| 000 | 00685nam a2200217 a 4500 | ||
|---|---|---|---|
| 005 | 20230627063533.0 | ||
| 008 | 020905s2000 mx r 000 0 spa d | ||
| 020 | _a8495212641 | ||
| 035 | _aUPN01000118904 | ||
| 049 | _aCG | ||
| 050 | 4 |
_aLB1607.53 E5 _bV4.2 |
|
| 100 | 1 |
_aVentura i Salvador, Xavi, _d1964- |
|
| 245 | 1 | 4 |
_aLas aulas taller ante la reforma del sistema educativo / _cXavi Ventura i Salvador. |
| 260 |
_aMálaga, Esp. : _bAljibe, _c2000. |
||
| 300 | _a116 p. | ||
| 440 | 0 |
_aEducación social ; _v1 |
|
| 650 | 4 |
_aEDUCACION SECUNDARIA - _zESPAÑA _98081 |
|
| 650 | 4 |
_aEDUCACION SECUNDARIA - _xINVESTIGACION _919349 |
|
| 650 | 4 |
_aTalleres escolares _94870 |
|
| 905 | _aLibro | ||
| 999 |
_c91266 _d91266 |
||